Catálogo público

Manual de cultivo de Hortalizas : (Record no. 204428)

MARC details
000 -CABECERA
campo de control de longitud fija 00882nam a2200277Ia 4500
001 - NÚMERO DE CONTROL
campo de control Para_10498
003 - IDENTIFICADOR DEL NÚMERO DE CONTROL
campo de control CHAP
008 - DATOS DE LONGITUD FIJA--INFORMACIÓN GENERAL
campo de control de longitud fija 220125s2019 xx 000 0 und d
010 ## - NÚMERO DE CONTROL DE LA BIBLIOTECA DEL CONGRESO
Número de control de LC 204428
020 ## - NÚMERO INTERNACIONAL ESTÁNDAR DEL LIBRO
Número Internacional Estándar del Libro 978 - 84 - 282 - 1532 - 9
040 ## - FUENTE DE LA CATALOGACIÓN
Centro/agencia transcriptor CHAP
082 ## - NÚMERO DE LA CLASIFICACIÓN DECIMAL DEWEY
Número de clasificación PA 635 O88 2019
100 ## - ENTRADA PRINCIPAL--NOMBRE DE PERSONA
Nombre de persona Ott Steve
9 (RLIN) 170358
245 ## - MENCIÓN DE TÍTULO
Título Manual de cultivo de Hortalizas :
Resto del título Como cultivar y cosechar las hortalizas de su Jardín o su huerto /
Mención de responsabilidad, etc. Steve Ott; traducción Cristina Rodríguez-Roca
260 ## - PUBLICACIÓN, DISTRIBUCIÓN, ETC.
Lugar de publicación, distribución, etc. España :
Nombre del editor, distribuidor, etc. OMEGA
500 ## - NOTA GENERAL
Nota general Incluye índice y referencias bibliografías
650 ## - PUNTO DE ACCESO ADICIONAL DE MATERIA--TÉRMINO DE MATERIA
Término de materia o nombre geográfico como elemento de entrada Hortalizas
Subdivisión general Manuales
9 (RLIN) 170359
700 ## - PUNTO DE ACCESO ADICIONAL--NOMBRE DE PERSONA
Nombre de persona I.Rodríguez
Número Internacional Normalizado para Publicaciones Seriadas Roca, Cristina, tr.
9 (RLIN) 170360
901 ## - ELEMENTOS DE DATOS A LOCAL LDA (RLIN)
a PA 635 O88 2019
902 ## - ELEMENTOS DE DATOS B LOCAL, LDB (RLIN)
a M
905 ## - ELEMENTOS DE DATOS E LOCAL, LDE (RLIN)
a 5232202019 sp A 8000000300spa06
910 ## - DATOS DE OPCIÓN DEL USUARIO (OCLC)
Datos de opción del usuario 2019
942 ## - ELEMENTOS DE PUNTO DE ACCESO ADICIONAL (KOHA)
Tipo de ítem Koha Parasitologia_
942 ## - ELEMENTOS DE PUNTO DE ACCESO ADICIONAL (KOHA)
Tipo de ítem Koha Parasitologia_
-- 1
Holdings
Estado de retiro Estado de pérdida Fuente del sistema de clasificación o colocación Estado dañado Restricciones de uso No para préstamo Código de colección Localización permanente Ubicación/localización actual Fecha de adquisición Número de inventario Total de préstamos Signatura topográfica completa Código de barras Fecha visto por última vez Fecha del último préstamo Número de copia Precio válido a partir de Tipo de ítem Koha Nota pública
    Dewey Decimal Classification   Préstamo 3 días   General Parasitologia Agricola Parasitologia Agricola 24/01/2020 (PA_010811) (No. UACh C/E) 1 PA 635 O88 2019 4102003646 09/09/2025 29/08/2025 Ej.2 25/01/2022 Libro 3
    Dewey Decimal Classification   Préstamo interno   General Parasitologia Agricola Parasitologia Agricola 24/01/2020 (PA_010810) (No. UACh C/E)   PA 635 O88 2019 4102003645 25/01/2022   Ej.1 25/01/2022 Libro 2